Euro-ázijský dopravný koridor - projekt 21. storočia

História riešenia optimálneho trasovania dopravných ciest (koridorov) SR z hľadiska obslužnosti národného hospodárstva vo väzbe na multimodálne kontinentálne dopravné koridory odporúčané Slovenskou dopravnou spoločnosťou pri SAV.

Saved in:
Bibliographic Details
Main Author: Szabó, Dezider
Other Authors: Klepoch, Jaromír
Format: Book Chapter
Language:Slovak
Subjects:
Tags: Add Tag
No Tags, Be the first to tag this record!

MARC

LEADER 00000naa a2200000 4500
001 0146922
005 20230825082803.6
041 0 |a slo 
044 |a SK 
245 1 0 |a Euro-ázijský dopravný koridor - projekt 21. storočia  |c Dezider Szabó, Jaromír Klepoch 
520 |a História riešenia optimálneho trasovania dopravných ciest (koridorov) SR z hľadiska obslužnosti národného hospodárstva vo väzbe na multimodálne kontinentálne dopravné koridory odporúčané Slovenskou dopravnou spoločnosťou pri SAV. 
610 2 0 |a cesty dopravné 
610 2 0 |a cesty dopravné pozemné 
610 2 0 |a cesty vodné 
610 2 0 |a Slovensko 
100 1 |a Szabó, Dezider 
700 1 |a Klepoch, Jaromír